[Event "Perm Rating October"]
[Site "Perm"]
[Date "2010.10.11"]
[Round "6"]
[White "Alekseeva, Natalia"]
[Black "Pershina, Elena"]
[Result "0-1"]
[WhiteElo "1811"]
[BlackElo "2030"]
[PlyCount "80"]
[EventDate "2010.10.04"]
[EventType "swiss"]
[EventRounds "8"]
[EventCountry "RUS"]
[SourceTitle "EXT 2022"]
[Source "ChessBase"]
[SourceDate "2021.10.06"]
[SourceVersion "1"]
[SourceVersionDate "2021.10.06"]
[SourceQuality "1"]

1. d4 Nf6 2. Nf3 c5 3. c3 e6 4. Bg5 h6 5. Bf4 Nc6 6. e3 d5 7. Nbd2 c4 8. Be2 Be7 9. Ne5 Nxe5 10. dxe5 Nd7 11. Nf3 Qc7 12. Qc2 0-0 13. h4 Nc5 14. g4 Ne4 15. g5 h5 16. Nd4 g6 17. Qd1 Kg7 18. Bxh5 gxh5 19. Qxh5 Rh8 20. Qf3 Kf8 21. Ke2 Qb6 22. Rab1 Ke8 23. Qg4 Bd7 24. h5 Kd8 25. g6 fxg6 26. Qxg6 Kc7 27. Qg7 Rae8 28. h6 Rhg8 29. Qf7 Rg2 30. Rhf1 Bh4 31. h7 Rh8 32. a4 Kc8 33. a5 Qxa5 34. Kf3 Rxf2+ 35. Rxf2 Bxf2 36. Rh1 Qd8 37. Nxe6 Bxe6 38. Qxe6+ Kb8 39. Qf7 Bg3 40. Bxg3 Ng5+ 0-1

[Event "Perm Rating October"]
[Site "Perm"]
[Date "2010.10.04"]
[Round "1"]
[White "Goldshtein, Grigory"]
[Black "Alekseeva, Natalia"]
[Result "1-0"]
[WhiteElo "2070"]
[BlackElo "1811"]
[PlyCount "51"]
[EventDate "2010.10.04"]
[EventType "swiss"]
[EventRounds "8"]
[EventCountry "RUS"]
[SourceTitle "EXT 2022"]
[Source "ChessBase"]
[SourceDate "2021.10.06"]
[SourceVersion "1"]
[SourceVersionDate "2021.10.06"]
[SourceQuality "1"]

1. c4 c6 2. e4 d5 3. exd5 cxd5 4. d4 e6 5. Nc3 Nf6 6. Nf3 h6 7. c5 b6 8. b4 a5 9. Bb5+ Bd7 10. Qa4 Qc7 11. Ne5 bxc5 12. bxc5 Bxc5 13. Nxd7 Nbxd7 14. Bxd7+ Nxd7 15. dxc5 Qxc5 16. Ne2 Qb4+ 17. Qxb4 axb4 18. Bb2 0-0 19. 0-0 f5 20. Nd4 e5 21. Nc6 Rfe8 22. Nxb4 Rab8 23. a3 Nf6 24. f4 e4 25. Be5 Rbd8 26. Rad1 1-0

[Event "Perm Rating Sepetember"]
[Site "Perm"]
[Date "2010.09.13"]
[Round "6"]
[White "Khasanov, Artur"]
[Black "Alekseeva, Natalia"]
[Result "1/2-1/2"]
[WhiteElo "1997"]
[BlackElo "1811"]
[PlyCount "34"]
[EventDate "2010.09.06"]
[EventType "swiss"]
[EventRounds "7"]
[EventCountry "RUS"]
[SourceTitle "EXT 2022"]
[Source "ChessBase"]
[SourceDate "2021.10.06"]
[SourceVersion "1"]
[SourceVersionDate "2021.10.06"]
[SourceQuality "1"]

1. e4 e5 2. Nf3 Nc6 3. Bb5 a6 4. Ba4 Nf6 5. 0-0 d6 6. d3 Be7 7. Nc3 0-0 8. h3 b5 9. Bb3 Na5 10. a3 Nxb3 11. cxb3 c5 12. b4 Bb7 13. Qe2 Qc7 14. Bg5 Rfd8 15. Rac1 Qb6 16. Rfd1 h6 17. Be3 Rac8 1/2-1/2

[Event "Perm Rating Sepetember"]
[Site "Perm"]
[Date "2010.09.07"]
[Round "2"]
[White "Mikheev, Nikolay"]
[Black "Alekseeva, Natalia"]
[Result "0-1"]
[WhiteElo "1877"]
[BlackElo "1811"]
[PlyCount "74"]
[EventDate "2010.09.06"]
[EventType "swiss"]
[EventRounds "7"]
[EventCountry "RUS"]
[SourceTitle "EXT 2022"]
[Source "ChessBase"]
[SourceDate "2021.10.06"]
[SourceVersion "1"]
[SourceVersionDate "2021.10.06"]
[SourceQuality "1"]

1. e4 e5 2. Nf3 d6 3. d4 exd4 4. Nxd4 g6 5. Be3 Bg7 6. c3 Nf6 7. f3 0-0 8. Bd3 Nc6 9. 0-0 Re8 10. Nd2 Ne5 11. Bc2 d5 12. Bf2 c5 13. Ne2 c4 14. Nd4 dxe4 15. Nxe4 Nd5 16. Qd2 f5 17. Ng3 b6 18. Rad1 Bb7 19. Qc1 Nf7 20. Rfe1 Bh6 21. Qb1 Qf6 22. Rxe8+ Rxe8 23. Re1 Rxe1+ 24. Qxe1 Qe5 25. b3 Ne3 26. Bb1 a6 27. bxc4 Nxc4 28. Qxe5 Nfxe5 29. Nge2 b5 30. f4 Ng4 31. h3 Nge3 32. h4 Nxg2 33. h5 Nxf4 34. hxg6 hxg6 35. Nxf5 Nxe2+ 36. Kf1 gxf5 37. Kxe2 Be4 0-1

[Event "Perm op 09"]
[Site "Perm"]
[Date "2009.09.08"]
[Round "1"]
[White "Davydov, Stepan"]
[Black "Alekseeva, Natalia"]
[Result "1/2-1/2"]
[WhiteElo "1960"]
[BlackElo "1786"]
[PlyCount "85"]
[EventDate "2009.09.08"]
[EventType "swiss"]
[EventRounds "7"]
[EventCountry "RUS"]
[SourceTitle "EXT 2022"]
[Source "ChessBase"]
[SourceDate "2021.10.06"]
[SourceVersion "1"]
[SourceVersionDate "2021.10.06"]
[SourceQuality "1"]

1. e4 d5 2. exd5 Qxd5 3. d4 Nf6 4. Nf3 c6 5. c4 Qd8 6. Nc3 Bg4 7. Be2 e6 8. 0-0 Be7 9. Be3 0-0 10. h3 Bxf3 11. Bxf3 Bb4 12. Qb3 Qe7 13. Rfd1 Na6 14. Qc2 Bxc3 15. Qxc3 Rac8 16. a3 b6 17. b4 b5 18. Be2 Nc7 19. Qb3 bxc4 20. Bxc4 Ncd5 21. Rac1 Qb7 22. Qa4 Qb6 23. Bxd5 cxd5 24. Rc5 Ne4 25. Rb5 Qd8 26. Bd2 Qd7 27. Ra5 Qxa4 28. Rxa4 Ra8 29. Ra6 Rfd8 30. b5 Rd6 31. Ra5 Rb6 32. Bb4 Rc8 33. a4 Rb7 34. Bc5 Ra8 35. Rc1 g6 36. Ra6 Nd2 37. b6 Nc4 38. Rxa7 Rbxa7 39. bxa7 Na5 40. Bb6 Nc4 41. a5 Nxa5 42. Bxa5 Rxa7 43. Bb4 1/2-1/2

[Event "Perm op 04"]
[Site "Perm"]
[Date "2009.04.29"]
[Round "8"]
[White "Chumakov, Anatoly"]
[Black "Alekseeva, Natalia"]
[Result "1-0"]
[WhiteElo "1983"]
[BlackElo "1783"]
[PlyCount "63"]
[EventDate "2009.04.20"]
[EventType "swiss"]
[EventRounds "8"]
[EventCountry "RUS"]
[SourceTitle "EXT 2022"]
[Source "ChessBase"]
[SourceDate "2021.10.06"]
[SourceVersion "1"]
[SourceVersionDate "2021.10.06"]
[SourceQuality "1"]

1. d4 d5 2. c4 c6 3. Nc3 Nf6 4. Nf3 dxc4 5. a4 Bf5 6. e3 e6 7. Bxc4 Be7 8. 0-0 0-0 9. Qe2 Bg4 10. Rd1 Nbd7 11. e4 Qc7 12. Bg5 h6 13. Bh4 Nb6 14. Bb3 Nh7 15. Bg3 Bd6 16. a5 Nc8 17. Bxd6 Qxd6 18. d5 exd5 19. exd5 Ng5 20. dxc6 Bxf3 21. gxf3 Nh3+ 22. Kh1 Qxc6 23. Ne4 Ne7 24. Rd6 Qc7 25. Rad1 Nf5 26. Rd7 Qf4 27. Ng3 Qg5 28. R7d5 g6 29. Nxf5 gxf5 30. Qd2 Qxd2 31. R1xd2 a6 32. Rxf5 1-0

[Event "Perm op 04"]
[Site "Perm"]
[Date "2009.04.20"]
[Round "1"]
[White "Alekseeva, Natalia"]
[Black "Mislavskiy, Evgeny"]
[Result "1/2-1/2"]
[WhiteElo "1878"]
[BlackElo "2116"]
[PlyCount "49"]
[EventDate "2009.04.20"]
[EventType "swiss"]
[EventRounds "8"]
[EventCountry "RUS"]
[SourceTitle "EXT 2022"]
[Source "ChessBase"]
[SourceDate "2021.10.06"]
[SourceVersion "1"]
[SourceVersionDate "2021.10.06"]
[SourceQuality "1"]

1. d4 g6 2. c4 Bg7 3. Nc3 d6 4. e4 Nc6 5. Be3 e5 6. Nge2 f5 7. f3 fxe4 8. Nxe4 Nf6 9. d5 Nxe4 10. fxe4 Ne7 11. Qd2 0-0 12. 0-0-0 Bg4 13. h3 Bd7 14. Nc3 a6 15. Kb1 b5 16. cxb5 axb5 17. Bxb5 Bxb5 18. Nxb5 Qd7 19. Nc3 Nc8 20. Rdf1 Ne7 21. Bh6 Rab8 22. Rxf8+ Rxf8 23. Bxg7 Kxg7 24. Qe2 Rf4 25. Rc1 1/2-1/2

[Event "PriFR-ch U18 Girls"]
[Site "Penza"]
[Date "2008.11.03"]
[Round "1"]
[White "Nikitina, Elena"]
[Black "Alekseeva, Natalia"]
[Result "1-0"]
[WhiteElo "2035"]
[BlackElo "1731"]
[PlyCount "71"]
[EventDate "2008.11.03"]
[EventType "swiss"]
[EventRounds "9"]
[EventCountry "RUS"]
[SourceTitle "EXT 2022"]
[Source "ChessBase"]
[SourceDate "2021.10.06"]
[SourceVersion "1"]
[SourceVersionDate "2021.10.06"]
[SourceQuality "1"]

1. d4 d5 2. Nf3 Nf6 3. e3 c6 4. Bd3 Bg4 5. Nbd2 e6 6. c3 Nbd7 7. Qc2 Bh5 8. e4 dxe4 9. Nxe4 Nxe4 10. Bxe4 Bg6 11. Bxg6 hxg6 12. Bf4 Be7 13. 0-0-0 Qa5 14. Qb3 Qb6 15. Qa4 0-0-0 16. Nd2 a6 17. g4 g5 18. Bg3 Qb5 19. Qc2 Nf6 20. Rhe1 Nxg4 21. f3 Nh6 22. Re5 Qb6 23. Nc4 Qa7 24. Qb3 b5 25. Ne3 Bd6 26. Rxg5 Bxg3 27. hxg3 g6 28. Rc5 Kb7 29. Nc4 a5 30. a4 Rd5 31. axb5 Rxc5 32. dxc5 Qxc5 33. bxc6+ Kxc6 34. Qa4+ Qb5 35. Ne5+ Kc5 36. Qd4# 1-0

[Event "Perm op 08"]
[Site "Perm"]
[Date "2008.08.18"]
[Round "8"]
[White "Alekseeva, Natalia"]
[Black "Panjkov, Alexander"]
[Result "1-0"]
[WhiteElo "1717"]
[BlackElo "1803"]
[PlyCount "25"]
[EventDate "2008.08.09"]
[EventType "swiss"]
[EventRounds "8"]
[EventCountry "RUS"]
[SourceTitle "EXT 2022"]
[Source "ChessBase"]
[SourceDate "2021.10.06"]
[SourceVersion "1"]
[SourceVersionDate "2021.10.06"]
[SourceQuality "1"]

1. e4 e6 2. d4 d5 3. e5 c5 4. c3 Nc6 5. Nf3 Qb6 6. Bd3 cxd4 7. cxd4 Bd7 8. 0-0 Nxd4 9. Nxd4 Qxd4 10. Nc3 Qxe5 11. Qf3 Qd6 12. Bf4 Qb6 13. Nxd5 1-0

[Event "Perm op 08"]
[Site "Perm"]
[Date "2008.08.16"]
[Round "7"]
[White "Alekseeva, Natalia"]
[Black "Tiunova, Anna"]
[Result "1/2-1/2"]
[WhiteElo "1717"]
[BlackElo "1763"]
[PlyCount "28"]
[EventDate "2008.08.09"]
[EventType "swiss"]
[EventRounds "8"]
[EventCountry "RUS"]
[SourceTitle "EXT 2022"]
[Source "ChessBase"]
[SourceDate "2021.10.06"]
[SourceVersion "1"]
[SourceVersionDate "2021.10.06"]
[SourceQuality "1"]

1. d4 Nf6 2. Nf3 c5 3. c3 e6 4. e3 Be7 5. Bd3 0-0 6. 0-0 d5 7. Nbd2 Nc6 8. Qc2 c4 9. Be2 b5 10. e4 b4 11. Ne5 Nxe5 12. dxe5 Nd7 13. f4 Bc5+ 14. Kh1 f6 1/2-1/2

[Event "Perm op 08"]
[Site "Perm"]
[Date "2008.08.12"]
[Round "3"]
[White "Alekseeva, Natalia"]
[Black "Ardovsky, Philip"]
[Result "0-1"]
[WhiteElo "1717"]
[BlackElo "2023"]
[PlyCount "88"]
[EventDate "2008.08.09"]
[EventType "swiss"]
[EventRounds "8"]
[EventCountry "RUS"]
[SourceTitle "EXT 2022"]
[Source "ChessBase"]
[SourceDate "2021.10.06"]
[SourceVersion "1"]
[SourceVersionDate "2021.10.06"]
[SourceQuality "1"]

1. d4 d5 2. e3 Nf6 3. Nc3 Bf5 4. Bd3 Bxd3 5. Qxd3 c6 6. Nge2 e6 7. 0-0 Bd6 8. Ng3 0-0 9. e4 dxe4 10. Ngxe4 Nxe4 11. Nxe4 Be7 12. c3 e5 13. Rd1 exd4 14. Qxd4 Qxd4 15. Rxd4 c5 16. Rd5 b6 17. Bf4 Nc6 18. Rad1 Rfd8 19. Bd6 h6 20. Bxe7 Rxd5 21. Rxd5 Nxe7 22. Rd7 Kf8 23. c4 Ke8 24. Rb7 Rd8 25. f3 f5 26. Nc3 Rd7 27. Rb8+ Kf7 28. Ra8 Nc6 29. Nd5 Ne5 30. b3 Nd3 31. Kf1 b5 32. g3 bxc4 33. bxc4 Rb7 34. Nc3 Ne5 35. Nb5 Nxc4 36. a4 Ke7 37. Rxa7 Rxa7 38. Nxa7 Kd7 39. Nb5 Kc6 40. Ke2 Kb6 41. Nc3 Ka5 42. f4 Nb6 43. Kd3 Kb4 44. Na2+ Kxa4 0-1

[Event "Perm op 08"]
[Site "Perm"]
[Date "2008.08.11"]
[Round "2"]
[White "Ivanov, Rostislav"]
[Black "Alekseeva, Natalia"]
[Result "1-0"]
[WhiteElo "2273"]
[BlackElo "1717"]
[PlyCount "85"]
[EventDate "2008.08.09"]
[EventType "swiss"]
[EventRounds "8"]
[EventCountry "RUS"]
[SourceTitle "EXT 2022"]
[Source "ChessBase"]
[SourceDate "2021.10.06"]
[SourceVersion "1"]
[SourceVersionDate "2021.10.06"]
[SourceQuality "1"]

1. e4 c6 2. d4 d5 3. Nc3 g6 4. e5 Bg7 5. Nf3 a5 6. Bd3 Na6 7. a3 Nh6 8. 0-0 0-0 9. Re1 Nc7 10. h3 f6 11. exf6 exf6 12. Bf4 g5 13. Bg3 g4 14. hxg4 Bxg4 15. Be2 Qd7 16. Na4 Rae8 17. Nc5 Qc8 18. Nh4 Bxe2 19. Rxe2 Rxe2 20. Qxe2 Re8 21. Qf3 b6 22. Na4 Ne6 23. c3 Ng5 24. Qh5 b5 25. Nc5 Ngf7 26. Bf4 Re7 27. Kf1 Qe8 28. a4 b4 29. Bxh6 Nxh6 30. Qxe8+ Rxe8 31. Re1 Rc8 32. Re7 Bf8 33. Ra7 Bxc5 34. dxc5 bxc3 35. bxc3 Re8 36. Nf3 Nf5 37. Nd2 Re5 38. g4 d4 39. gxf5 dxc3 40. Nb3 c2 41. Nc1 Rxc5 42. Rd7 Rc4 43. Rd2 1-0

[Event "Perm op 06-B"]
[Site "Perm"]
[Date "2007.06.28"]
[Round "8"]
[White "Alekseeva, Natalia"]
[Black "Kurochkina, Elena"]
[Result "0-1"]
[WhiteElo "1691"]
[BlackElo "1748"]
[PlyCount "82"]
[EventDate "2007.06.20"]
[EventType "swiss"]
[EventRounds "8"]
[EventCountry "RUS"]
[SourceTitle "EXT 2022"]
[Source "ChessBase"]
[SourceDate "2021.10.06"]
[SourceVersion "1"]
[SourceVersionDate "2021.10.06"]
[SourceQuality "1"]

1. d4 d5 2. Nf3 Nf6 3. e3 Bf5 4. Bd3 Bxd3 5. Qxd3 c6 6. 0-0 e6 7. c3 Nbd7 8. Nbd2 Bd6 9. e4 dxe4 10. Nxe4 Nxe4 11. Qxe4 Nf6 12. Qc2 Qc7 13. h3 0-0 14. Bg5 Nd5 15. c4 Nf4 16. Bxf4 Bxf4 17. Rfe1 g6 18. Rad1 Rac8 19. Qb3 Rcd8 20. Qc3 Bh6 21. a3 Bg7 22. Qe3 Rfe8 23. b4 a5 24. Qb3 Rd6 25. Rd3 Red8 26. Red1 axb4 27. axb4 R8d7 28. d5 exd5 29. cxd5 cxd5 30. Rxd5 Rxd5 31. Rxd5 Rxd5 32. Qxd5 Qc1+ 33. Kh2 Qf4+ 34. g3 Qxb4 35. Kg2 h6 36. Ne5 Bxe5 37. Qxe5 Qb3 38. Qb8+ Kh7 39. Qe5 Qc4 40. h4 h5 41. f3 b5 0-1

[Event "Perm op 06-B"]
[Site "Perm"]
[Date "2007.06.27"]
[Round "7"]
[White "Kuianov, Ilia"]
[Black "Alekseeva, Natalia"]
[Result "1/2-1/2"]
[WhiteElo "1753"]
[BlackElo "1691"]
[PlyCount "36"]
[EventDate "2007.06.20"]
[EventType "swiss"]
[EventRounds "8"]
[EventCountry "RUS"]
[SourceTitle "EXT 2022"]
[Source "ChessBase"]
[SourceDate "2021.10.06"]
[SourceVersion "1"]
[SourceVersionDate "2021.10.06"]
[SourceQuality "1"]

1. d4 d5 2. c4 e6 3. Nc3 c6 4. cxd5 exd5 5. Qc2 f5 6. Bf4 Nf6 7. e3 Bd6 8. Bg3 Bxg3 9. hxg3 Be6 10. Bd3 g6 11. Nge2 Nbd7 12. Nf4 Bf7 13. 0-0 Qe7 14. f3 0-0-0 15. e4 fxe4 16. fxe4 Nxe4 17. Nxe4 dxe4 18. Bxe4 Kb8 1/2-1/2

[Event "Perm op 06-B"]
[Site "Perm"]
[Date "2007.06.25"]
[Round "5"]
[White "Alekseeva, Natalia"]
[Black "Shilov, Boris"]
[Result "0-1"]
[WhiteElo "1691"]
[BlackElo "1980"]
[PlyCount "68"]
[EventDate "2007.06.20"]
[EventType "swiss"]
[EventRounds "8"]
[EventCountry "RUS"]
[SourceTitle "EXT 2022"]
[Source "ChessBase"]
[SourceDate "2021.10.06"]
[SourceVersion "1"]
[SourceVersionDate "2021.10.06"]
[SourceQuality "1"]

1. d4 f5 2. e3 g6 3. f4 Bg7 4. Nf3 Nf6 5. g3 0-0 6. Bg2 d6 7. 0-0 e6 8. c3 h6 9. Re1 Kh7 10. Nbd2 Ne4 11. Nxe4 fxe4 12. Nd2 d5 13. Re2 Nd7 14. Nb3 b6 15. Bh3 Ba6 16. Re1 Qe7 17. Bf1 Bxf1 18. Rxf1 c5 19. Bd2 c4 20. Nc1 b5 21. b4 a5 22. Rb1 Rfb8 23. a3 axb4 24. axb4 Ra3 25. Qc2 Rba8 26. Ne2 Nf6 27. h3 h5 28. Bc1 Ra2 29. Rb2 Ra1 30. Bd2 R1a4 31. Rbb1 Bh6 32. Kg2 R4a7 33. Kh2 g5 34. Rg1 h4 0-1